| 000 | 01688nam a2200229Ia 4500 | ||
|---|---|---|---|
| 003 | Ost | ||
| 005 | 20260507075430.0 | ||
| 008 | 260507s9999||||xx |||||||||||||| ||und|| | ||
| 040 | _cfsecg | ||
| 041 | _aara | ||
| 082 | _a1.6 | ||
| 100 |
_aنجيب، حسين علي _eمؤلف |
||
| 245 | 0 |
_aتحليل ونمذجة البيانات باستخدام الحاسوب : _bتطبيق شامل للحزمة SPSS / _c حسين علي نجيب |
|
| 260 |
_aعمان: _bمنشورات الاهلية, _c2006 |
||
| 300 |
_a455 صفحة؛ _bإيضاحات ؛ _c27 سم |
||
| 504 | _aببليوغرافيا: ص.453-455 | ||
| 520 | _aيضم مفهوم وطبيعة نظام spss، تهيئة ملفات الادخال للحزمة spss، استخدام اوامر القائمة view، تنظيم وترتيب البيانات باستخدام القائمة data، تحويل البيانات من خلال القائمة transformation الاحصاء الوصفي، escriptive stastics، تحليل واستكشاف البيانات باستخدام الامر Explore، اختبار (shi-square (x2 من جداول التقاطع، crosstabs ، اختبار العينات الاحصائية باستخدام T-test تحليل التباين Analysis variance (Anova) ، تحليل الارتباط correlation Analysis ، تحليل الانحدار regression Analysis، الاختبارات اللامعلمية non-parametric tests، التحليل العاملي Factor Analysis ، تحليل التمايز des criminale Analysis | ||
| 653 | _aالاحصاء التحليلي | ||
| 653 | _aالاحصاء الوصفي | ||
| 653 | _aالبيانات،احصاء | ||
| 942 | _cكتاب | ||
| 999 |
_c44509 _d44509 |
||